| 000 | 00701nam a2200205 i 4500 | ||
|---|---|---|---|
| 001 | 58663 | ||
| 003 | ES-MaACL | ||
| 005 | 20230906163846.0 | ||
| 007 | t| | ||
| 008 | 031023s1973 sp ||||1| spa d | ||
| 100 | 1 |
_aEbneter, Albert. _946476 |
|
| 245 | 1 | 0 |
_a¿Tiene sentido todavía la fé? _b: cuestiones básicas sobre la Iglesia : Dios y el mundo / _cAlbert Ebneter, Selvático, Gassmann ; [traducción de J.L. Albizu]. |
| 260 |
_a[Madrid] : _bEdiciones Paulinas, _c[1973] |
||
| 300 |
_a375 p. ; _c19 cm. |
||
| 650 | 0 | 4 |
_aFe. _912734 |
| 700 | 1 |
_aSelvatico, Pietro. _9105361 |
|
| 700 | 1 |
_aGassmann, Benno. _955920 |
|
| 700 | 0 |
_aAlbizu, José Luis. _919396 |
|
| 852 |
_aES-MaACL _jC-55705 _bR.88342 |
||
| 999 |
_c58663 _d58663 |
||